Which country has Estonia most similarty on dna - Statistics

General Stats
  • This quiz has been taken 26 times
  • The average score is 17 of 20
Answer Stats
Rank Country % Correct
3 Finland
95%
5 Russia
95%
17 Austria
90%
8 Germany
90%
1 Latvia
90%
4 Sweden
90%
15 UK
90%
7 Denmark
86%
13 Iceland
86%
2 Lithuania
86%
6 Norway
86%
9 Poland
86%
11 Ukraine
86%
10 Belarus
81%
18 Hungary
81%
19 Slovakia
81%
16 Czechia
76%
14 Ireland
76%
20 Switzerland
76%
12 Netherlands
71%
No matching quizzes found
Score Distribution
Percent of People with Each Score
Percentile by Number Answered
Your Score History
You have not taken this quiz